00671nam a22002057a 4500003000400000005001700004008004100021020001800062040003700080082002900117100002100146245008900167250001900256260005900275300003000334500003700364650001700401700002500418700002200443OSt20250221024616.0250221t1998 |||||||| |||| 00| | eng d a0-321-01632-7 cJMCFI - Learning Resource Center aF.P./G.Ed. 510 L693 1998 aLial, Margaret L aFinite mathematics /cMargaret L. Lial, Raymond N. Greenwell, and Charles D. Miller. aSixth edition. aMassachusetts :bAddison-Wesley Longman, Inc. ,c1998. axlvii, 488 pages ;c26 cm aIncludes appendixes and indexes. aMathematics. aGreenwell, Raymond N aMiller, Charles D